000
00257nam a22001097a 4500
082
_a
SHA
100
_a
Shaikh, Wajid Ali
245
_a
Introduction to Computer and C++ Programming
260
_a
Hyderabad:
_b
Salam Printers,
300
_a
183p. ;
942
_c
BK
999
_c
57349
_d
57346